Modelos educativos en la historia de América Latina

Guardat en:
Dades bibliogràfiques
Autor principal: Weinberg, Gregorio (Autor)
Format: Llibre
Idioma:espanyol
Publicat: Buenos Aires Kapelusz 1984
Col·lecció:Biblioteca de Cultura Pedagógica, Serie Teoría e Historia de la Educación
Matèries:
Etiquetes: Afegir etiqueta
Sense etiquetes, Sigues el primer a etiquetar aquest registre!

MARC

LEADER 00000nam a2200000 a 4500
001 UCW5244
003 CL-VaPUC
008 910125e19840000AG |||||||||||||||||spa|d
082 0 4 |a 370.98  |b WEI  |2 21 
100 0 |a Weinberg, Gregorio  |e author  |9 310143 
245 1 0 |a Modelos educativos en la historia de América Latina 
300 |a 260 p 
942 |c BK 
945 |d 19910125 00:00:00 
260 |a Buenos Aires  |b Kapelusz  |c 1984 
650 0 |a Historia de la educación   |9 257642 
650 7 |a EDUCACION INDIGENA  |2 CL-VaPUC  |9 307839 
651 0 |a América  |9 255182 
583 |a last modification  |c 20170913 01:20:38  |k Rodrigo Vera 
490 0 |a Biblioteca de Cultura Pedagógica, Serie Teoría e Historia de la Educación 
999 |c 218726  |d 218724 
952 |0 0  |1 0  |4 0  |6 370_980000000000000_WEI_1984  |7 0  |8 P  |9 208759  |a BIBEDU  |b BIBEDU  |c BIBEDU_PB  |d 2019-11-15  |i 2765853  |o 370.98 WEI 1984  |p 2765853  |r 2024-01-25  |w 2019-11-15  |y BK  |k EDU 
952 |0 0  |1 0  |4 0  |6 370_980000000000000_WEI_1984  |7 0  |8 P  |9 208760  |a BIBEDU  |b BIBEDU  |c BIBEDU_PB  |d 2019-11-15  |i 2765861  |o 370.98 WEI 1984  |p 2765861  |r 2024-01-25  |w 2019-11-15  |y BK  |k EDU 
952 |0 0  |1 0  |4 0  |6 370_980000000000000_WEI_1984  |7 0  |8 P  |9 208761  |a BIBEDU  |b BIBEDU  |c BIBEDU_PB  |d 2019-11-15  |i 276587K  |o 370.98 WEI 1984  |p 276587K  |r 2024-01-25  |w 2019-11-15  |y BK  |k EDU